000 00265cam a22001097a 4500
008 180718b1933 xxu||||| |||| 00| 0 eng d
082 _aA38 R227
100 _aReade, Winwood
245 _aOutcast
_cby Winwood Reade
260 _aLondon
_bWatts
_c1933
300 _a119p.
999 _c434282
_d434282